000 00562nam a22002057a 4500
005 20251108175929.0
008 250721s2022 xx 000 0 ara d
082 1 4 _aط/216.25/روب
100 1 _aحشاش، جنان
_eمترجم
245 1 0 _aالى مكة /
250 _aط.2
264 1 _aبيروت :
_bدار اصالة،
_c2022.
300 _a28ص.
650 1 7 _aالاسلام
650 1 7 _aالحج
653 _aاطفال مرحلة متوسطة(6-9)سنوات
700 1 _aروبرت، نعيمة
942 _2ddc
_cBK
999 _c145779
_d145779